000 00490nam a2200193Ia 4500
005 20240913125653.0
008 240913s9999||||xx |||||||||||||| ||und||
020 _a978-0-7680-2169-1
041 _aENGLISH
082 _A629.6 Q1
100 _aDonald E Malen
245 0 _aFundamentals of Automobile Body Structure Design
250 _a1st
260 _c2011
_bSAE Internat
500 _aREFERENCE
650 _aAutomobile
_bAutomobile Engineering
942 _cREF
999 _c246024
_d246024